History Quiz

Random History or Celebrity Quiz

Born in 1950 Quiz Stats

 Plays Quiz Updated Jul 24, 2015

Also try: Born in 1943
Challenge
Share
Tweet
Embed
Score 0/20 Timer 03:00
0 Plays Today
Bio Person % Correct
'Tonight Show' host from 1992–2009 and 2010–2014Jay Leno
85%
U.S. swimmer who won seven golds in the '72 OlympicsMark Spitz
81.6%
SNL alum and 'Groundhog Day' and 'Lost in Translation' starBill Murray
80.1%
Second City alum and 'Uncle Buck' starJohn Candy
70.7%
'Ebony and Ivory' singer with Paul McCartneyStevie Wonder
70.5%
Dr. JJulius Erving
64.8%
'Sledgehammer' and 'In Your Eyes' singerPeter Gabriel
54.9%
She played Maddie to Bruce Willis' David in 'Moonlighting'Cybill Shepherd
53.7%
Virgin Records founderRichard Branson
50.2%
Writer/director of 'Sixteen Candles,' 'Pretty in Pink,' and 'The Breakfast Club'John Hughes
48.7%
Bio Person % Correct
MacGyver portrayerRichard Dean Anderson
42.6%
'Don't Worry, Be Happy' singerBobby McFerrin
42.6%
Front man of the NewsHuey Lewis
41.2%
He received an Oscar nomination for his role as Jerry Lundegaard in 'Fargo'William H. Macy
40.7%
Texas governor who served from 2000 to 2015Rick Perry
40.4%
Former manager of the Texas Rangers, New York Mets, and Boston Red SoxBobby Valentine
30.3%
Rubeus Hagrid portrayer in the 'Harry Potter' filmsRobbie Coltrane
30.1%
Former 'Today Show' host and current Garry Trudeau spouseJane Pauley
29%
Bassist Leather Tuscadero on 'Happy Days'Suzi Quatro
13.8%
Pulitzer Prize-winning dramatist of 'The Heidi Chronicles'Wendy Wasserstein
7.2%

You're not logged in!

Compare scores with friends on all Sporcle quizzes.
OR
Log In

You Might Also Like...

Show Comments

Extras

Top Quizzes Today


Score Distribution

Your Account Isn't Verified!

In order to create a playlist on Sporcle, you need to verify the email address you used during registration. Go to your Sporcle Settings to finish the process.

Report this User

Report this user for behavior that violates our Community Guidelines.

Details: